[Event "Thematic 2"]
[Site "SchemingMind.com"]
[Date "2021.11.09"]
[Round "-"]
[White "maro"]
[Black "Ninaner2"]
[Result "0-1"]
[WhiteCountry "MEX"]
[BlackCountry "NED"]
[WhiteElo "1310"]
[WhiteRD "64"]
[BlackElo "2025"]
[BlackRD "140"]
[GameID "717286"]

1. b3 Nf6 2. Bb2 g6 3. e3 d5 4. Bxf6 exf6 5. Nf3 Bg7 6. Nc3 c5 7. Be2 Nc6 8. Bb5 Qd6 9. Qe2 O-O 10. h3 d4
11. Ne4 Qd5 12. Bd3 f5 13. Neg5 Qd7 14. O-O h6 15. Nxf7 Qxf7 16. Bc4 Be6 17. Bxe6 Qxe6 18. Qd3 Nb4 19. Qb5 dxe3 20. Rae1 Nxc2
21. Re2 exf2+ 22. Rfxf2 Qf7 23. Qxc5 Rac8 24. Qxa7 Qd5 25. Re7 Rf7 26. Rxf7 Kxf7 27. d3 Nd4 28. Rf1 Nxf3+ 29. gxf3 Bd4+
0-1

[Event "Thematic 2"]
[Site "SchemingMind.com"]
[Date "2021.11.10"]
[Round "-"]
[White "Ninaner2"]
[Black "maro"]
[Result "1-0"]
[WhiteCountry "NED"]
[BlackCountry "MEX"]
[WhiteElo "2025"]
[WhiteRD "140"]
[BlackElo "1310"]
[BlackRD "64"]
[GameID "717287"]

1. b3 e5 2. Bb2 Nc6 3. e3 Nf6 4. c4 Bb4 5. a3 Bc5 6. b4 Bd6 7. Qc2 O-O 8. b5 Na5 9. c5 Be7 10. Bxe5 d6
11. Bc3 Nc4 12. Bxc4 dxc5 13. Nf3 b6 14. h4 Bb7 15. Ng5 g6 16. h5 Nxh5 17. Rxh5 Bxg5 18. Qxg6+ hxg6 19. Rh8#
1-0

[Event "Thematic 2"]
[Site "SchemingMind.com"]
[Date "2021.11.13"]
[Round "-"]
[White "maro"]
[Black "William Lindberg"]
[Result "0-1"]
[WhiteCountry "MEX"]
[BlackCountry "USA"]
[WhiteElo "1310"]
[WhiteRD "64"]
[BlackElo "2480"]
[BlackRD "69"]
[GameID "717322"]

1. b3 d5 2. Ba3 Nc6 3. d4 a6 4. Nc3 Nf6 5. e3 e5 6. Bxf8 Rxf8 7. dxe5 Nxe5 8. Nf3 Bg4 9. Be2 Bxf3 10. Bxf3 Qd6
11. O-O O-O-O 12. h3 g5 13. Qe2 h5 14. Rfd1 Qc6 15. Bxh5 Qxc3 16. Bg4+ Nexg4 17. hxg4 Ne4 18. g3 f5 19. gxf5 Rxf5 20. Qg4 Rf8
21. Rf1 Kb8 22. Rad1 Rxf2 23. Rxf2 Qxe3 24. Rf1 Rxf2 25. Rxf2 Qxf2+ 26. Kh1 Nxg3+ 27. Qxg3 Qxg3
0-1

[Event "Thematic 2"]
[Site "SchemingMind.com"]
[Date "2021.11.11"]
[Round "-"]
[White "William Lindberg"]
[Black "maro"]
[Result "1-0"]
[WhiteCountry "USA"]
[BlackCountry "MEX"]
[WhiteElo "2480"]
[WhiteRD "69"]
[BlackElo "1310"]
[BlackRD "64"]
[GameID "717323"]

1. b3 e5 2. c4 Nf6 3. Bb2 d6 4. e3 Bg4 5. Be2 Qd7 6. h3 Bf5 7. Nf3 g6 8. Nc3 a6 9. g4 Be6 10. d4 exd4
11. exd4 Bg7 12. d5 Bxd5 13. Nxd5 Nxd5 14. Bxg7 Rg8 15. Qxd5 c6 16. Qd4 c5 17. Qc3 Nc6 18. Bf6 b5 19. cxb5 axb5 20. Bxb5 Qb7
21. Bxc6+ Qxc6 22. O-O Kd7 23. Rfd1 Rge8 24. Ne5+
1-0

[Event "Thematic 2"]
[Site "SchemingMind.com"]
[Date "2021.11.11"]
[Round "-"]
[White "William Lindberg"]
[Black "Ninaner2"]
[Result "1-0"]
[WhiteCountry "USA"]
[BlackCountry "NED"]
[WhiteElo "2474"]
[WhiteRD "66"]
[BlackElo "1769"]
[BlackRD "160"]
[GameID "717324"]

1. b3 e5 2. e3 d5 3. Bb2 Nc6 4. Bb5 Ne7 5. Nf3 e4 6. Ne5 Qd6 7. Qh5 g6 8. Qd1 Rg8 9. Nxc6 Nxc6 10. c4 Be6
11. Nc3 O-O-O 12. O-O Ne5 13. cxd5 Bxd5 14. Qc2 f5 15. Nxd5 Qxd5 16. a4 Bb4 17. Rad1 h5 18. Bxe5 Qxe5 19. g3 h4 20. d3 a6
21. Bc4 exd3 22. Rxd3 Rxd3 23. Bxd3 Rh8 24. Qc4 Qe7 25. Qd4 Qf8 26. Qa7 hxg3 27. fxg3 Qh6 28. h4 Bd6 29. Bc4 Re8 30. Rf3 c6
31. Qa8+ Bb8 32. Bxa6 bxa6 33. Qxc6+ Kd8 34. Qxa6
1-0

[Event "Thematic 2"]
[Site "SchemingMind.com"]
[Date "2021.11.11"]
[Round "-"]
[White "Ninaner2"]
[Black "William Lindberg"]
[Result "1/2-1/2"]
[WhiteCountry "NED"]
[BlackCountry "USA"]
[WhiteElo "2025"]
[WhiteRD "140"]
[BlackElo "2480"]
[BlackRD "69"]
[GameID "717325"]

1. b3 Nf6 2. Nf3 c5 3. c4 d6 4. Bb2 e5 5. d3 Be7 6. g3 O-O 7. Bg2 h6 8. Nc3 Nc6 9. O-O Bg4 10. Ne1 Qd7
11. f3 Bh5 12. e4 Bd8 13. Rf2 Ba5 14. Nc2 Nd4 15. Ne3 Bxc3 16. Bxc3 b5 17. cxb5 Qxb5 18. Rc1 Qd7 19. Qd2 Rab8 20. h4 Rb7
21. Rcf1 Qd8 22. Kh2 Nd7 23. Bh3 Bg6 24. Rc1 Re8 25. b4 cxb4 26. Bxb4 Qb8 27. Bc3 Nb5 28. Ba1 Nd4 29. f4 Nf6 30. f5 Bh7
31. g4 d5 32. g5 dxe4 33. gxf6 Nf3+ 34. Rxf3 exf3 35. fxg7 e4+ 36. Kh1 Qf4 37. dxe4 f2 38. Nf1 Qxe4+ 39. Kh2 Qxh4 40. Rc6 Rb6
41. Bf6 Qe4 42. Rxb6 axb6 43. Qd7 Qf4+ 44. Kg2 Rb8 45. Qd5 Rc8 46. a3 h5 47. Qd7 Rb8 48. Bd8 Kxg7 49. Bc7 Qe4+ 50. Kh2 Rb7
51. f6+ Kg6 52. Qc8 Rxc7 53. Qxc7 h4 54. Bg2 Qd4 55. Qc2+ Kh6 56. Qc1+ Kg6 57. Bf3 Qxf6 58. Qe3 Kg7 59. Kg2 b5 60. Qxf2 Qg6+
61. Kh3 Qd3 62. Qb2+ f6 63. Qg2+ Kf8 64. Kxh4 Qxa3 65. Qf2 Qc1 66. Kh3 Bf5+ 67. Kg2 Bd3 68. Ne3 Bg6 69. Bd1 Be4+ 70. Kf1 Qc3
71. Qf4 Qd4 72. Qb8+ Ke7 73. Qc7+ Qd7 74. Qh2 Qd3+ 75. Kf2 Qd6 76. Qxd6+ Kxd6 77. Nf1=
1/2-1/2

[Event "Thematic 2"]
[Site "SchemingMind.com"]
[Date "2021.11.13"]
[Round "-"]
[White "maro"]
[Black "ray winteringham"]
[Result "0-1"]
[WhiteCountry "MEX"]
[BlackCountry "ENG"]
[WhiteElo "1285"]
[WhiteRD "67"]
[BlackElo "1416"]
[BlackRD "51"]
[GameID "717350"]

1. b3 e5 2. e4 Nf6 3. Bb2 d6 4. Nc3 Be7 5. Bc4 a6 6. h3 Nc6 7. Nd5 Be6 8. Nf3 O-O 9. d4 Nxe4 10. dxe5 dxe5
11. Nxe5 Nxe5 12. Bxe5 Bh4 13. O-O Bxh3 14. gxh3 Qg5+ 15. Kh2 Qxe5+ 16. Kg2 Qg5+ 17. Qg4 Qxg4+ 18. Kh2 Nxf2
0-1

[Event "Thematic 2"]
[Site "SchemingMind.com"]
[Date "2021.11.13"]
[Round "-"]
[White "ray winteringham"]
[Black "maro"]
[Result "0-1"]
[WhiteCountry "ENG"]
[BlackCountry "MEX"]
[WhiteElo "1450"]
[WhiteRD "49"]
[BlackElo "1310"]
[BlackRD "64"]
[GameID "717351"]

1. b3 e5 2. e4 d5 3. exd5 Qxd5 4. Nc3 Qe6 5. Bc4 Qg6 6. g3 Bg4 7. f3 Be6 8. Bxe6 Qxe6 9. Bb2 Bc5 10. Qe2 Nc6
11. O-O-O O-O-O 12. Qe1 Nf6 13. f4 Qf5 14. d3 exf4 15. Qf1 Qg5 16. Qxf4 Be3+ 17. Kb1 Bxf4 18. gxf4 Qxf4 19. Nge2 Qb4 20. a3 Qe7
21. Rde1 Ng4 22. Ng3 Qh4 23. Nce4 Rhe8 24. Bxg7 Qe7 25. h3 Nge5 26. Bf6 Qxa3 27. Bxd8 Nb4 28. Re2 Qa2+ 29. Kc1 Qa1+ 30. Kd2 Qa2
31. Bg5 Qxc2+ 32. Ke3 Qxd3+ 33. Kf2 Qf3+ 34. Ke1 Ned3+ 35. Kd2 Nf4 36. Bxf4 Qxf4+ 37. Kd1 Rd8+ 38. Ke1 Nd3+
0-1

[Event "Thematic 2"]
[Site "SchemingMind.com"]
[Date "2021.11.12"]
[Round "-"]
[White "ray winteringham"]
[Black "William Lindberg"]
[Result "0-1"]
[WhiteCountry "ENG"]
[BlackCountry "USA"]
[WhiteElo "1416"]
[WhiteRD "51"]
[BlackElo "2474"]
[BlackRD "66"]
[GameID "717352"]

1. b3 e5 2. Bb2 Nc6 3. e4 Bc5 4. Nf3 Nf6 5. d4 exd4 6. Bd3 O-O 7. Nbd2 Re8 8. Ng5 h6 9. Ngf3 d5 10. O-O dxe4
11. Nxd4 Nxd4 12. Nxe4 Nxe4 13. Bxe4 Rxe4
0-1

[Event "Thematic 2"]
[Site "SchemingMind.com"]
[Date "2021.11.12"]
[Round "-"]
[White "William Lindberg"]
[Black "ray winteringham"]
[Result "1-0"]
[WhiteCountry "USA"]
[BlackCountry "ENG"]
[WhiteElo "2474"]
[WhiteRD "66"]
[BlackElo "1416"]
[BlackRD "51"]
[GameID "717353"]

1. b3 Nf6 2. Nf3 g6 3. d4 Bg7 4. Bb2 d5 5. e3 Bg4 6. Be2 c6 7. O-O Nbd7 8. Nbd2 Qc7 9. c4 Be6 10. cxd5 Bxd5
11. Rc1 a6 12. Qc2 O-O 13. e4 Be6 14. Rfe1 Ng4 15. h3 Ngf6 16. d5 Nxd5 17. Bxg7 Kxg7 18. exd5 Bxd5 19. Qc3+ Nf6 20. Ne5 Kg8
21. Ng4 Nxg4 22. hxg4 f5 23. gxf5 Rxf5 24. Bg4 Rg5 25. Be6+ Bxe6 26. Rxe6 Qd7 27. Rce1 Qd5 28. Nf3 Rf8 29. Rxe7 Rxf3 30. Qg7#
1-0

[Event "Thematic 2"]
[Site "SchemingMind.com"]
[Date "2021.11.11"]
[Round "-"]
[White "ray winteringham"]
[Black "Ninaner2"]
[Result "0-1"]
[WhiteCountry "ENG"]
[BlackCountry "NED"]
[WhiteElo "1416"]
[WhiteRD "51"]
[BlackElo "1769"]
[BlackRD "160"]
[GameID "717354"]

1. b3 e5 2. e4 c5 3. Bb2 Nc6 4. Bc4 Nf6 5. Qf3 Nd4 6. Bxd4 cxd4 7. Nh3 Be7 8. O-O O-O 9. d3 a6 10. Bd5 d6
11. c3 Nxd5 12. exd5 g5 13. g4 f5 14. gxf5 g4 15. Qxg4+ Kh8 16. Kh1 Bxf5 17. Qh5 Qd7 18. Ng5 Bxg5 19. Qxg5 Bxd3 20. Rg1 Be4+
0-1

[Event "Thematic 2"]
[Site "SchemingMind.com"]
[Date "2021.11.11"]
[Round "-"]
[White "Ninaner2"]
[Black "ray winteringham"]
[Result "1-0"]
[WhiteCountry "NED"]
[BlackCountry "ENG"]
[WhiteElo "1769"]
[WhiteRD "160"]
[BlackElo "1416"]
[BlackRD "51"]
[GameID "717355"]

1. b3 Nf6 2. Nf3 g6 3. g3 Bg7 4. Bb2 d6 5. d4 b6 6. c4 Bb7 7. Nc3 O-O 8. Bg2 Nbd7 9. Qc2 c5 10. d5 e6
11. dxe6 fxe6 12. O-O Rb8 13. Ng5 Qe7 14. Bh3 e5 15. Rad1 Rfd8 16. Be6+ Kf8 17. f4 Ng4 18. Nxh7+ Ke8 19. Qxg6+
1-0

[Event "Thematic 2"]
[Site "SchemingMind.com"]
[Date "2021.11.13"]
[Round "-"]
[White "maro"]
[Black "Robert Bruce"]
[Result "0-1"]
[WhiteCountry "MEX"]
[BlackCountry "SCO"]
[WhiteElo "1310"]
[WhiteRD "64"]
[BlackElo "2387"]
[BlackRD "73"]
[GameID "717362"]

1. b3 e5 2. Bb2 f6 3. e4 Ne7 4. Bc4 c6 5. d4 d5 6. exd5 cxd5 7. Bb5+ Nec6 8. dxe5 Qa5+ 9. Nc3 Bb4 10. Ne2 d4
11. Bxc6+ Nxc6 12. Nxd4 Bxc3+ 13. Bxc3 Qxc3+ 14. Ke2 Nxd4+ 15. Kf1 b6 16. exf6 Ba6+ 17. Kg1 O-O 18. g3 Rxf6 19. Kg2 Bb7+ 20. f3 Bxf3+
21. Kh3 Rh6#
0-1

[Event "Thematic 2"]
[Site "SchemingMind.com"]
[Date "2021.11.13"]
[Round "-"]
[White "Robert Bruce"]
[Black "maro"]
[Result "1-0"]
[WhiteCountry "SCO"]
[BlackCountry "MEX"]
[WhiteElo "2387"]
[WhiteRD "73"]
[BlackElo "1310"]
[BlackRD "64"]
[GameID "717363"]

1. b3 e5 2. e3 d5 3. Bb2 Nc6 4. Bb5 Bd7 5. Bxc6 Bxc6 6. Bxe5 Bd6 7. Bxg7 Qg5 8. Bxh8 Qxg2 9. Qf3 Qg6 10. Bd4 O-O-O
11. Nc3 Qxc2 12. Nge2 Qg6 13. Rg1 Qc2 14. Rc1 Qd3 15. Qxf7 Nh6 16. Qe6+ Bd7 17. Qxh6 Ba3 18. Nf4 Qf5 19. Ncxd5 Re8 20. Rxc7+ Kb8
21. Qa6 bxa6 22. Bxa7+ Ka8 23. Nb6#
1-0

[Event "Thematic 2"]
[Site "SchemingMind.com"]
[Date "2021.11.12"]
[Round "-"]
[White "ray winteringham"]
[Black "Robert Bruce"]
[Result "0-1"]
[WhiteCountry "ENG"]
[BlackCountry "SCO"]
[WhiteElo "1450"]
[WhiteRD "49"]
[BlackElo "2387"]
[BlackRD "73"]
[GameID "717364"]

1. b3 d5 2. Bb2 Bf5 3. e3 e6 4. Be2 h6 5. d3 Bb4+ 6. Nd2 Nf6 7. h3 c5 8. Nf3 Nc6 9. O-O O-O 10. a3 Ba5
11. c3 Bc7 12. b4 Nd7 13. Nb3 b6 14. d4 c4 15. Nbd2 a6 16. a4 b5 17. a5 e5 18. g4 Bh7 19. Nh2 Qh4 20. Kg2 Rae8
21. Nhf3 Qe7 22. Nh2 exd4 23. cxd4 f5 24. f3 fxg4 25. Nxg4 h5 26. Ne5 Ndxe5 27. dxe5 Qg5+ 28. Kh1 Qg3 29. f4 Qxh3+ 30. Kg1 Qxe3+
31. Rf2 Rxf4 32. Qe1 c3 33. Bxc3 Qg3+ 34. Rg2 Qxc3 35. Bxh5 Rxe5 36. Rxg7+ Kxg7 37. Qg3+ Qxg3+
0-1

[Event "Thematic 2"]
[Site "SchemingMind.com"]
[Date "2021.11.12"]
[Round "-"]
[White "Robert Bruce"]
[Black "ray winteringham"]
[Result "1-0"]
[WhiteCountry "SCO"]
[BlackCountry "ENG"]
[WhiteElo "2387"]
[WhiteRD "73"]
[BlackElo "1450"]
[BlackRD "49"]
[GameID "717365"]

1. b3 Nf6 2. Bb2 e6 3. Nf3 Be7 4. g3 O-O 5. c4 c5 6. Bg2 d6 7. Nc3 Bd7 8. d4 cxd4 9. Nxd4 Nc6 10. O-O a6
11. Qd2 h6 12. Nc2 Ne5 13. f4 Ng6 14. Rad1 Rb8 15. Ba3 Bc6 16. e4 Nh7 17. Bxd6 Bxd6 18. Qxd6 Qb6+ 19. Qd4 Qc7 20. Qc5 Rbc8
21. Nd4 Nf6 22. Nxc6 Qxc6 23. Qxc6 bxc6 24. e5 Ng4 25. Rfe1 Rcd8 26. Rd6 h5 27. Bxc6 Ne7 28. Be4 g6 29. h3 Nh6 30. Rxd8 Rxd8
31. Rd1 Rxd1+ 32. Nxd1 Kg7 33. b4 Nc8 34. b5 axb5 35. cxb5 f5 36. Bf3 Nb6 37. Nb2 Nf7 38. a4 Nd8 39. a5 Nc8 40. h4 Kf8
41. Na4 Na7 42. b6 Nb5 43. a6
1-0

[Event "Thematic 2"]
[Site "SchemingMind.com"]
[Date "2021.11.12"]
[Round "-"]
[White "Robert Bruce"]
[Black "William Lindberg"]
[Result "0-1"]
[WhiteCountry "SCO"]
[BlackCountry "USA"]
[WhiteElo "2387"]
[WhiteRD "73"]
[BlackElo "2480"]
[BlackRD "69"]
[GameID "717366"]

1. b3 d5 2. e3 e5 3. Bb2 Bd6 4. c4 c6 5. cxd5 cxd5 6. f4 exf4 7. Bb5+ Kf8 8. Nf3 a6 9. Bd3 Nf6 10. O-O Nc6
11. Nc3 Bg4 12. Kh1 h5 13. exf4 Bxf4 14. Ne2 Bxf3 15. Rxf3 Be5 16. Qc2 Ng4 17. Nd4 Rh6 18. Nf5 Rf6 19. Raf1 Bxb2 20. Qxb2 Nge5
21. Re3 d4 22. Rh3 g6 23. Qa3+ Kg8 24. Be4 Rc8 25. Qc1 gxf5 26. Bb1 Ne7 27. Qd1 Rcc6 28. Qxh5 Rh6 29. Qg5+ Rcg6 30. Qxh6 Rxh6
31. Rxh6 Qa5 32. b4 Qxb4 33. Rh4 Qxd2 34. Rhf4 d3 35. h3 Qe3 36. R4f2 d2 37. Bc2 N7c6 38. Rxf5 Nd4 39. Bd1 Nxf5 40. Rxf5 Qe1+
41. Kh2 Qxd1 42. Rxe5 Qh1+ 43. Kxh1 d1=Q+ 44. Kh2 Qd6 45. a4 Qxe5+ 46. g3 Qe2+ 47. Kg1 Kg7 48. h4 Kf6 49. g4 Ke5 50. g5 Kf4
51. h5 Kf3 52. Kh1 Qg2#
0-1

[Event "Thematic 2"]
[Site "SchemingMind.com"]
[Date "2021.11.13"]
[Round "-"]
[White "William Lindberg"]
[Black "Robert Bruce"]
[Result "1/2-1/2"]
[WhiteCountry "USA"]
[BlackCountry "SCO"]
[WhiteElo "2482"]
[WhiteRD "67"]
[BlackElo "2357"]
[BlackRD "68"]
[GameID "717367"]

1. b3 f5 2. Nf3 Nc6 3. Bb2 d6 4. d4 Nf6 5. g3 e6 6. Bg2 Qe7 7. O-O e5 8. c4 e4 9. d5 Nd8 10. Nd4 h5
11. f3 h4 12. fxe4 hxg3 13. Nxf5 gxh2+ 14. Kh1 Bxf5 15. exf5 Nf7 16. Qe1 Ne5 17. Nc3 O-O-O 18. Rd1 a6 19. e4 g5 20. fxg6 Bg7
21. Ne2 Nh5 22. Bxe5 Bxe5 23. Bh3+ Kb8 24. Rd3 Ng7 25. Rdf3 Rh4 26. Rf7 Qg5 27. Qa5 Ne8 28. Bf5 Rh6 29. Qe1 Nf6 30. Qf2 Rg8
31. Qg2 Qxg2+ 32. Kxg2 Rhxg6+ 33. Bxg6 Rxg6+ 34. Kh1 Nxe4 35. Re7 Rh6 36. Rf3 a5 37. Re8+ Ka7 38. Re7 Kb6 39. Re6 Rh7 40. Rg6 Rh4
41. Nc1 Nc5 42. Nd3 Nxd3 43. Rxd3 Kc5 44. Rg2 Kb4 45. Rd1 b6 46. Rc1 Ka3 47. Rb1 Rh6 48. Rd2 Rh7 49. Rbd1 Rg7 50. Rb1 Kb4
51. Re2 Rf7 52. Rc2 Ka3 53. Rd2 Re7 54. Rf1 Bg3 55. Rg2 Re3 56. Rc2 Re4 57. Rfc1 Be5 58. Rg2 Rd4 59. Re1 Rd3 60. Rb1 Bc3
61. Rc1 Rh3 62. Re2 Bd4 63. Rb1 Rh4 64. Rg2 Bh8 65. Re1 Rh7 66. Re4 Be5 67. c5 b5 68. cxd6 cxd6 69. Re1 Rd7 70. Rf1 Rc7
71. Rd1 Rg7 72. Re2 Rf7 73. Rg2 Rb7 74. Rc1 Rb8 75. Rc7 Rf8 76. Rc1 Rf7 77. Re1 Rh7 78. Re3 Rh6 79. Rd3 Rf6 80. Rd1 Rf8
81. Re1 Rf5 82. Rge2 Rf6 83. Rg2 Rf3 84. Rd1 Bf4 85. Re2 b4 86. Rg2 Rh3 87. Rf2=
1/2-1/2

[Event "Thematic 2"]
[Site "SchemingMind.com"]
[Date "2021.11.12"]
[Round "-"]
[White "Robert Bruce"]
[Black "Ninaner2"]
[Result "0-1"]
[WhiteCountry "SCO"]
[BlackCountry "NED"]
[WhiteElo "2387"]
[WhiteRD "73"]
[BlackElo "2025"]
[BlackRD "140"]
[GameID "717368"]

1. b3 e5 2. g3 d5 3. Bb2 Nc6 4. e3 Nf6 5. Bg2 Be6 6. d3 h5 7. Nf3 Bb4+ 8. Nbd2 e4 9. Ng5 Bg4 10. Qc1 h4
11. gxh4 exd3 12. a3 Bxd2+ 13. Qxd2 dxc2 14. Qxc2 Qd7 15. f3 Be6 16. Qf2 O-O-O 17. Rd1 d4 18. O-O dxe3 19. Qxe3 Qxd1 20. Rxd1 Rxd1+
21. Kf2 Kb8 22. Nxe6 fxe6 23. Bxf6 gxf6 24. Qxe6 Rd6 25. Qg4 Rd2+ 26. Ke3 Rdd8 27. Qf4 Rhe8+ 28. Kf2 Ne5 29. Bf1 Rd3 30. Be2 Rxf3+
31. Bxf3 Nd3+ 32. Kg3 Nxf4 33. Kxf4 Kc8 34. Kf5 Kd7 35. h5 Ke7 36. Bxb7 Rb8 37. Be4 Rxb3 38. Kg6 Rxa3 39. Kg7 Rh3 40. h6 a5
41. Bc6 Rxh2 42. h7 f5 43. Ba4 f4 44. Bd1 Rxh7+ 45. Kxh7 c5 46. Kh6 Kf6 47. Kh5 Ke5 48. Kg4 Ke4 49. Bb3 f3 50. Kg3 Ke3
51. Bc4 a4 52. Kh3 a3 53. Kg3 f2 54. Kg2 f1=Q+ 55. Kxf1 Kd4 56. Bb3 Kc3
0-1

[Event "Thematic 2"]
[Site "SchemingMind.com"]
[Date "2021.11.13"]
[Round "-"]
[White "Ninaner2"]
[Black "Robert Bruce"]
[Result "1/2-1/2"]
[WhiteCountry "NED"]
[BlackCountry "SCO"]
[WhiteElo "2025"]
[WhiteRD "140"]
[BlackElo "2387"]
[BlackRD "73"]
[GameID "717369"]

1. b3 Nf6 2. Nf3 c5 3. Bb2 Nc6 4. e3 g6 5. c4 Bg7 6. d4 cxd4 7. Nxd4 O-O 8. Be2 Nxd4 9. Bxd4 d5 10. Nd2 dxc4
11. Nxc4 b5 12. Bf3 Bf5 13. Bxa8 Qxa8 14. Nd2 e5 15. Bxe5 Rd8 16. f3 Ne4 17. fxe4 Bxe5 18. Qf3 Rxd2 19. exf5 Qxf3 20. gxf3 Bc3
21. O-O Bxa1 22. Rxa1 gxf5 23. a4 b4 24. Rc1 Re2 25. Rc4 Rxe3=
1/2-1/2

[Event "Thematic 2"]
[Site "SchemingMind.com"]
[Date "2021.11.15"]
[Round "-"]
[White "maro"]
[Black "RyanSmith89"]
[Result "1-0"]
[WhiteCountry "MEX"]
[BlackCountry "USA"]
[WhiteElo "1396"]
[WhiteRD "60"]
[BlackElo "1308"]
[BlackRD "122"]
[GameID "717440"]

1. b3 Nc6 2. e3 e5 3. Bb2 Nf6 4. Bc4 Bc5 5. d4 exd4 6. exd4 Bb6 7. d5 Qe7+ 8. Ne2 Ne5 9. Bxe5 Qxe5 10. Nc3 Bxf2+
11. Kxf2 Ng4+ 12. Ke1 Ne3 13. Qd3
1-0

[Event "Thematic 2"]
[Site "SchemingMind.com"]
[Date "2021.11.17"]
[Round "-"]
[White "RyanSmith89"]
[Black "maro"]
[Result "0-1"]
[WhiteCountry "USA"]
[BlackCountry "MEX"]
[WhiteElo "1308"]
[WhiteRD "122"]
[BlackElo "1396"]
[BlackRD "60"]
[GameID "717441"]

1. b3 e5 2. Bb2 Nc6 3. f4 exf4 4. Nf3 Be7 5. Bxg7 Bf6 6. Bxh8 Bxa1 7. Bxa1 d6 8. Nc3 Bd7 9. e3 fxe3 10. Be2 exd2+
11. Qxd2 Qf6 12. O-O O-O-O
0-1

[Event "Thematic 2"]
[Site "SchemingMind.com"]
[Date "2021.11.14"]
[Round "-"]
[White "ray winteringham"]
[Black "RyanSmith89"]
[Result "1-0"]
[WhiteCountry "ENG"]
[BlackCountry "USA"]
[WhiteElo "1457"]
[WhiteRD "49"]
[BlackElo "1308"]
[BlackRD "122"]
[GameID "717442"]

1. b3 Nc6 2. e4 e6 3. Bb2 Nf6 4. d3 Be7 5. Nf3 O-O 6. Be2 h6 7. c4 b6 8. O-O Bb7 9. Nc3 a6 10. h3 d5
11. cxd5 exd5 12. e5 Nd7 13. d4 Bb4 14. Nxd5 Ne7 15. Nxb4 a5 16. Nc2
1-0

[Event "Thematic 2"]
[Site "SchemingMind.com"]
[Date "2021.11.17"]
[Round "-"]
[White "RyanSmith89"]
[Black "ray winteringham"]
[Result "0-1"]
[WhiteCountry "USA"]
[BlackCountry "ENG"]
[WhiteElo "1308"]
[WhiteRD "122"]
[BlackElo "1457"]
[BlackRD "49"]
[GameID "717443"]

1. b3 Nc6 2. Bb2 Nf6 3. g3 e5 4. Bg2 d5 5. e3 Bd6 6. Nc3 Be6 7. Nge2 Qe7 8. O-O a6 9. f4 h6 10. fxe5 Bxe5
11. d4 Bd6 12. Nf4 O-O 13. Nxe6 Qxe6 14. Qe2 Ng4 15. e4 Nxd4
0-1

[Event "Thematic 2"]
[Site "SchemingMind.com"]
[Date "2021.11.14"]
[Round "-"]
[White "Robert Bruce"]
[Black "RyanSmith89"]
[Result "1-0"]
[WhiteCountry "SCO"]
[BlackCountry "USA"]
[WhiteElo "2357"]
[WhiteRD "68"]
[BlackElo "1308"]
[BlackRD "122"]
[GameID "717444"]

1. b3 Nc6 2. c4 e6 3. d4 d5 4. Nf3 Nf6 5. e3 Be7 6. Be2 Ne4 7. a3 O-O 8. Qc2 a5 9. Bb2 b6 10. cxd5 Qxd5
11. Bc4 Nb4 12. axb4 Bxb4+ 13. Nc3 Qc6 14. Ne5 Qb7 15. Bb5 Nxc3 16. Bxc3
1-0

[Event "Thematic 2"]
[Site "SchemingMind.com"]
[Date "2021.11.17"]
[Round "-"]
[White "RyanSmith89"]
[Black "Robert Bruce"]
[Result "0-1"]
[WhiteCountry "USA"]
[BlackCountry "SCO"]
[WhiteElo "1532"]
[WhiteRD "151"]
[BlackElo "2387"]
[BlackRD "73"]
[GameID "717445"]

1. b3 g6 2. Bb2 Nf6 3. Nc3 Bg7 4. e3 O-O 5. Nf3 c5 6. Be2 d5 7. O-O Nc6 8. Rb1 d4 9. exd4 cxd4 10. Nb5 e5
11. c3 d3 12. Bxd3 Qxd3
0-1

[Event "Thematic 2"]
[Site "SchemingMind.com"]
[Date "2021.11.14"]
[Round "-"]
[White "William Lindberg"]
[Black "RyanSmith89"]
[Result "1-0"]
[WhiteCountry "USA"]
[BlackCountry "USA"]
[WhiteElo "2482"]
[WhiteRD "67"]
[BlackElo "1308"]
[BlackRD "122"]
[GameID "717446"]

1. b3 d6 2. d4 Nf6 3. Bb2 g6 4. Nf3 Bg7 5. e3 Nc6 6. Be2 O-O 7. O-O Re8 8. c4 b6 9. Nc3 Bb7 10. Re1 a6
11. d5 Nb8 12. Qc2 e6 13. dxe6 Rxe6 14. Ng5 Re5 15. Bf3 Nc6 16. Nge4
1-0

[Event "Thematic 2"]
[Site "SchemingMind.com"]
[Date "2021.11.17"]
[Round "-"]
[White "RyanSmith89"]
[Black "William Lindberg"]
[Result "0-1"]
[WhiteCountry "USA"]
[BlackCountry "USA"]
[WhiteElo "1532"]
[WhiteRD "151"]
[BlackElo "2480"]
[BlackRD "69"]
[GameID "717447"]

1. b3 e5 2. Bb2 Nc6 3. e3 g6 4. f4 d6 5. Nf3 Bg7 6. fxe5 Nxe5 7. Nc3 Nh6 8. h3 O-O 9. Be2 d5 10. O-O c6
11. d4 Nxf3+ 12. Bxf3 Nf5 13. e4 Bxd4+
0-1

[Event "Thematic 2"]
[Site "SchemingMind.com"]
[Date "2021.11.17"]
[Round "-"]
[White "RyanSmith89"]
[Black "Ninaner2"]
[Result "0-1"]
[WhiteCountry "USA"]
[BlackCountry "NED"]
[WhiteElo "1532"]
[WhiteRD "151"]
[BlackElo "2025"]
[BlackRD "140"]
[GameID "717448"]

1. b3 e5 2. e4 Nf6 3. Nc3 Bc5 4. h3 O-O 5. Nf3 d5 6. exd5 c6 7. dxc6 e4 8. Ng5 Nxc6 9. Ngxe4 Nxe4 10. Nxe4 Qe7
11. Be2 Qxe4 12. O-O Bd6 13. Bb2 Bxh3 14. gxh3 Qf4
0-1

[Event "Thematic 2"]
[Site "SchemingMind.com"]
[Date "2021.11.14"]
[Round "-"]
[White "Ninaner2"]
[Black "RyanSmith89"]
[Result "1-0"]
[WhiteCountry "NED"]
[BlackCountry "USA"]
[WhiteElo "2030"]
[WhiteRD "126"]
[BlackElo "1308"]
[BlackRD "122"]
[GameID "717449"]

1. b3 d5 2. Bb2 Nc6 3. Nf3 Bg4 4. e3 e5 5. h3 Bxf3 6. Qxf3 Nf6 7. g4 Bd6 8. Nc3 d4 9. Ne4 Nd5 10. Bc4 Nce7
11. h4 O-O 12. h5 f5 13. gxf5 Rxf5 14. Bxd5+ Kh8 15. Qg4 c6 16. Be6
1-0